000 02047nac a22003131u 4500
008 091208t xxu||||| |||| 00| 0 eng d
010 _a 2004269766
020 _a0132038102
020 _a9780132038102
082 0 0 _a620.105
_bHIB
100 _aSchiavone, Peter.
_99742
245 1 0 _aEngineering Mechanics :
_bDynamic : Dynamics Study Pack Chapter Reviews, Free Body Diagram Work Book, Problems Website /
_c Peter Schiavone; R.C. Hibbeler
246 3 0 _aStatics.
250 _a11th ed.
260 _aUpper Saddle River, NJ :
_bPrentice Hall, 2007
_c2007.
300 _a162 p. :
_bcol. ill. ;
_c25 cm.
650 0 _aDynamics.
_918767
650 0 _aDynamics
_922678
_xproblems, exercises
700 _aHibbeler, R. C.
_910021
942 _cBB
_k620.105 HIB
_2ddc
999 _c4934
_d4934